000 00576nam a22001937a 4500
999 _c3586
_d3586
003 URS
005 20220114142548.0
008 200203s2006 a|||| |||| 00| 0 eng d
020 _a8173019061
040 _cURS
_beng
_drda
050 1 4 _aTX 818
_b.S8275 2006
100 1 _aStepanova, Iryna
245 1 0 _aEnjoy making models of sandwich-picture book 16
_cIryna Stepanova, Serging Kabachenco.
260 _aNew Delhi:
_bDreamland Publishing;
_c[2006]
300 _a32 pages
_bwith illustrations
_c28 cm
650 _aSandwich.
700 _aKabachenco, Serging.
942 _2lcc
_cR